Model pro tvorbu efektivního hodnototvorného řetězce virtuálních firem

Pojem virtuálna firma a podmienky jej tvorby. Prínosy a obmedzenia virtuálnej firmy. Proces tvorby virtuálnej firmy.

Salvato in:
Dettagli Bibliografici
Autore principale: Huspeninová, Kateřina
Altri autori: Pavelková, Drahomíra
Natura: Capitolo di libro
Lingua:ceco
Soggetti:
Tags: Aggiungi Tag
Nessun Tag, puoi essere il primo ad aggiungerne!!

MARC

LEADER 00000naa a2200000 4500
001 0198839
005 20231204135140.1
041 0 |a cze 
044 |a CZ 
245 1 0 |a Model pro tvorbu efektivního hodnototvorného řetězce virtuálních firem  |c Kateřina Huspeninová, Drahomíra Pavelková 
520 |a Pojem virtuálna firma a podmienky jej tvorby. Prínosy a obmedzenia virtuálnej firmy. Proces tvorby virtuálnej firmy. 
610 2 0 |a podnik virtuálny 
610 2 0 |a pojmy 
610 2 0 |a efektívnosť ekonomická 
610 2 0 |a trh 
610 2 0 |a podnikanie elektronické 
100 1 |a Huspeninová, Kateřina 
700 1 |a Pavelková, Drahomíra